000 00729nam a2200241Ia 4500
003 OSt
005 20220927105729.0
006 a|||||r|||| 00| 0
007 ta
008 220926b |||||||| |||| 00| 0 eng d
020 _a9788125027973
024 _a203564
037 _cReference Collections
040 _aRTL
_cRTL
_beng
041 _2eng
_aeng
082 _a"Y15:(Z,131).2.N9, P9"
100 _aROY Anupama
_9374538
245 0 _aGendered citizenship
_b Historical and conceptual explorations
260 _aNew
_b"Delhi, Orient Blackswan, "
_c2005
300 _a"vii,291p."
_ccm.
942 _h"Y15:(Z,131).2.N9, P9"
_cCC
999 _c694216
_d694216